000 00587nam a22001931i 4500
001 15178
090 _a15178
010 _a9789722329901
100 _a20170304u u u0frey50 ba
101 0 _apor
200 1 _fJerry Spinelli
_aA menina das estrelas
215 _a195, [3] p.
_d21 cm
702 1 _aCotter
_bMaria João Berkeley
_4730
700 1 _aSpinelli
_bJerry
_4070
210 _cPresença
_aLisboa
_d2003
225 2 _aEstrela do mar
_v50
410 0 _tEstrela do mar
996 _f0018498
_kSPI Juv
_m00000000
_n00000000
_aBMVAAL
_b3
_vAlcáçovas
_xLiteratura Juvenil
_y2
_eLivro
_10
_31
990 _cLIVROS